000
00480nam a2200169Ia 4500
008
110201s9999 xx 000 0 und d
082
_b
B3221
_a
K 1460
100
_a
देसाई नयनतारा
245
_a
मळभ
260
_b
उत्कर्ष प्रकाशन
365
_b
20
600
_a
देसाई नयनतारा
630
_a
मळभ
700
_a
देसाई नयनतारा
730
_a
मळभ
942
_c
BOOK
999
_c
829911
_d
829908